| 000 | 01543nam0a22003011 4500 | ||
|---|---|---|---|
| 001 | rc\4711793 | ||
| 005 | 20130416212332.1 | ||
| 021 |
_aRU _b[66-45211] |
||
| 035 | _a(NLR Aleph) 008724381 | ||
| 090 |
_a9437850 _c9437850 |
||
| 100 | _a20130416d1966 |||y0rusy50 ca | ||
| 101 | 0 | _arus | |
| 102 | _aRU | ||
| 105 | _ay z ||||| | ||
| 200 | 1 |
_aОпыт применения этилендиаминового электролита меднения на Ленинградском кировском заводе _fЛенингр. организация о-ва "Знание" РСФСР. Ленингр. дом науч.-техн. пропаганды |
|
| 210 |
_aЛенинград _cБ. и. _d1966 |
||
| 215 |
_a18 с. _d21 |
||
| 225 | 1 |
_aПроизводственный опыт _iСерия "Улучшения качества, повышение надежности и долговечности машин, приборов и других промышленных изделий" |
|
| 300 | _aПеред загл. авт.: Т.И. Николина, Л.И. Шибалова, В.П. Васильев | ||
| 606 |
_aЭлектролиты меднения этилендиаминовые _2psbo |
||
| 700 | 1 |
_aНиколина _bТ. И. _gТатьяна Ивановна |
|
| 701 | 1 |
_aШибалова _bЛ. И. _gЛидия Ивановна |
|
| 701 | 1 |
_aВасильев _bВ. П. _gВладимир Павлович |
|
| 801 | 0 |
_aRU _bNLR _gpsbo |
|
| 801 | 1 |
_aRU _bELAR _2rusmarc |
|
| 852 |
_aNLR _j66-4/9996 |
||
| 942 | _cBOOK | ||
| 980 | _aNB | ||